000 00421nam a2200133 a 4500
001 000038106
005 20201002031157.0
008 130313s1987 dr 000 0 spa d
040 _aDO-SdBNP
_bspa
_cBNPHU
245 0 0 _a15 años en acción /
_ccompilado por Ana María Méndez.
260 _aSanto Domingo :
_bGrupo Financiero Nacional ,
_c1987.
300 _a99 p. : ;
_c23 cm.
700 1 _aMéndez, Ana María
_ecomp.
_937002
999 _c37596
_d37596